[Event "HCL-B202"]
[Site "www.playchess.de"]
[Date "2001.03.30"]
[Round "35"]
[White "patzer"]
[Black "Gamlet"]
[WhiteElo "1250"]
[BlackElo "1500"]
[PlyCount "50"]
[Result "0-1"]

1.e4 e5 2.Nf3 Nf6 3.Nxe5 d6 4.Nf3 Nxe4 5.c4 Be7 
6.Nc3 Nxc3 7.dxc3 O-O 8.Be2 Re8 9.O-O Nc6 10.Qc2 
Bf6 11.Be3 g6 12.Rad1 Qe7 13.Rfe1 Qf8 14.Bg5 Bg7 
15.Bd3 Bg4 16.Rxe8 Rxe8 17.Qb3 Bxf3 18.gxf3 Ne5 
19.Kg2 Rb8 20.Be4 Qc8 21.a4 Qe6 22.Bd5 Qf5 23.Be3 
Nd3 24.Bxa7 Nf4+ 25.Kh1 Qh3 0-1

[Event "HCL-A094"]
[Site "www.playchess.de"]
[Date "2001.03.30"]
[Round "17"]
[White "Hubble"]
[Black "easykiller"]
[WhiteElo "1631"]
[BlackElo "1700"]
[PlyCount "84"]
[Result "0-1"]

1.e4 c5 2.Nf3 Nc6 3.d4 cxd4 4.Nxd4 Nf6 5.Nc3 e5 
6.Nxc6 bxc6 7.Bd3 Bb4 8.Bd2 O-O 9.O-O d5 10.Nxd5 
Nxd5 11.exd5 Bxd2 12.Qxd2 cxd5 13.Rad1 Be6 14.b3 
Qb6 15.Kh1 a5 16.f3 Qb4 17.Rfe1 Qxd2 18.Rxd2 f6 
19.Kg1 g6 20.Kf2 Kf7 21.Rc1 Rfd8 22.Ke3 d4+ 23.Ke2 
Rac8 24.Ba6 Rc3 25.Rd3 Rc5 26.c4 f5 27.Rcd1 g5 
28.a3 Rc7 29.g3 Kf6 30.f4 gxf4 {Thank you for 
offer, I will try to win}  31.gxf4 exf4 32.R3xd4 
Rxd4 33.Rxd4 Ke5 34.Kd3 Rg7 35.Kc3 f3 36.Rd1 Kf4 
37.b4 axb4+ 38.axb4 f2 39.c5 Rg1 40.Kd2 Rxd1+ 
41.Kxd1 Ke3 42.Be2 Bb3+ 0-1

[Event "HCL-E033"]
[Site "www.playchess.de"]
[Date "2001.03.30"]
[Round "11"]
[White "Radost"]
[Black "peze2"]
[WhiteElo "1969"]
[BlackElo "2354"]
[PlyCount "33"]
[Result "1-0"]

1.e4 {Ich grüße Dich!}  e5 {Hallo Frank! Auf ein 
Neues.}  2.Nf3 {Nun hab ich mal Weiß!}  Nf6 3.d4 
Nxe4 4.Bd3 d5 5.Nxe5 Nd7 6.Nxd7 Bxd7 7.O-O Bd6 
8.Qh5 Nf6 9.Re1+ Be7 10.Qe5 Be6 11.Bg5 h6 12.Bd2 
Bd6 13.Qe2 O-O 14.Nc3 c6 15.Na4 Re8 16.Nc5 Qb6 
17.b4 1-0

[Event "HCL-C214"]
[Site "www.playchess.de"]
[Date "2001.03.30"]
[Round "6"]
[White "craigsadler"]
[Black "surak"]
[WhiteElo "693"]
[BlackElo "1213"]
[PlyCount "57"]
[Result "1/2-1/2"]

1.e4 e6 2.d4 d5 3.Nc3 dxe4 4.Nxe4 Qd5 5.Ng3 Nf6 
6.Nf3 Bd6 7.Bg5 Bxg3 8.hxg3 Ne4 9.Be3 Nd7 10.Qd2 
Ndf6 11.Qb4 Bd7 12.Bc4 Qc6 13.Ne5 Qb6 14.Qxb6 axb6 
15.Nxd7 Nxd7 16.O-O-O O-O-O 17.g4 Ndf6 18.f3 Nd6 
19.b3 Nxc4 20.bxc4 Nd7 21.d5 e5 22.Kd2 f6 23.Kd3 
h6 24.Ke4 Nc5+ 25.Bxc5 bxc5 26.Rdb1 b6 27.Rhd1 Kd7 
28.Kf5 Kd6 29.Kg6 1/2-1/2

[Event "CCL-E013"]
[Site "www.playchess.de"]
[Date "2001.03.30"]
[Round "14"]
[White "ralph"]
[Black "joepechie"]
[WhiteElo "2000"]
[BlackElo "2001"]
[PlyCount "77"]
[Result "1/2-1/2"]

1.d4 Nf6 2.c4 e6 3.Nc3 Bb4 4.Nf3 c5 5.g3 b6 6.Bg2 
Bb7 7.O-O cxd4 8.Qxd4 Nc6 9.Qd3 Rc8 10.b3 O-O 
11.Bb2 d5 12.cxd5 Ne7 13.Nb5 Nexd5 14.Nxa7 Rc5 
15.Bd4 Ra5 16.Nb5 Be7 17.a4 Nb4 18.Qc3 Nc6 19.Rfd1 
Nd5 20.Qd3 Nxd4 21.Nfxd4 Bc5 22.Rac1 Qe7 23.Be4 f5 
24.Bf3 Rd8 25.e4 fxe4 26.Bxe4 Kh8 27.Qd2 Raa8 
28.Qe2 Rac8 29.Rc2 Rdf8 30.Rcd2 Rcd8 31.h3 Ba8 
32.R2d3 Rde8 33.Bxd5 Bxd5 34.f4 e5 35.Qxe5 Qxe5 
36.fxe5 Rxe5 37.Nc7 Bxb3 38.Rxb3 Bxd4+ 
39.Rxd4 1/2-1/2

[Event "HCL-B216"]
[Site "www.playchess.de"]
[Date "2001.03.30"]
[Round "1"]
[White "R_Gradishki"]
[Black "serpens"]
[WhiteElo "1500"]
[BlackElo "1297"]
[PlyCount "43"]
[Result "1-0"]

1.d4 e6 2.e4 b6 3.Nf3 Bb7 4.Bd3 c5 5.c3 cxd4 
6.cxd4 Bb4+ 7.Bd2 Nc6 8.a3 Bxd2+ 9.Nbxd2 Nf6 
10.O-O O-O 11.Re1 d5 12.e5 Nh5 13.g3 Nf6 14.exf6 
Qxf6 15.Ne5 Nxe5 16.Rxe5 Qh6 17.Rh5 Qf6 18.Bxh7+ 
Kh8 19.Bg6+ Kg8 20.Rh8+ Kxh8 21.Qh5+ Kg8 
22.Qh7+ 1-0

[Event "HCL-C215"]
[Site "www.playchess.de"]
[Date "2001.03.30"]
[Round "4"]
[White "sarek"]
[Black "IQ"]
[WhiteElo "1119"]
[BlackElo "1000"]
[PlyCount "48"]
[Result "0-1"]

1.e4 e5 2.Nf3 Nc6 3.Bb5 a6 4.Ba4 Nf6 5.Bxc6 dxc6 
6.d3 Bg4 7.Nbd2 Bd6 8.h3 Bh5 9.Nc4 Qe7 10.g4 Bg6 
11.Nh4 O-O-O 12.Bg5 Bb4+ 13.c3 Bxe4 14.Qe2 Bxh1 
15.cxb4 Qxb4+ 16.Bd2 Qc5 17.Nxe5 Rhe8 18.f4 Qd5 
19.Kd1 h6 20.Qf2 Nd7 21.Qa7 Nxe5 22.Qa8+ Kd7 
23.Qxb7 Nxd3 24.f5 Re1+ 0-1

[Event "HCL-C215"]
[Site "www.playchess.de"]
[Date "2001.03.30"]
[Round "7"]
[White "pgschumy"]
[Black "sarek"]
[WhiteElo "1051"]
[BlackElo "1119"]
[PlyCount "45"]
[Result "1-0"]

1.e4 {Hi!}  e6 {hello!}  2.d4 b6 3.c4 Bb7 4.d5 Nf6 
5.Bd3 c6 6.dxe6 dxe6 7.Nf3 Bb4+ 8.Nc3 c5 9.O-O 
Bxc3 10.bxc3 Nxe4 11.Bxe4 Bxe4 12.Qxd8+ Kxd8 
13.Ne5 Ke7 14.Rd1 Na6 15.Bf4 Rad8 16.f3 Rxd1+ 
17.Rxd1 Bc2 18.Nc6+ Kf6 19.Rd7 Nb8 20.Bxb8 Rc8 
21.Be5+ Kg6 22.Ne7+ Kh6 23.Nxc8 1-0

[Event "HCL-B212"]
[Site "www.playchess.de"]
[Date "2001.03.30"]
[Round "4"]
[White "serpens"]
[Black "coca"]
[WhiteElo "1297"]
[BlackElo "1500"]
[PlyCount "34"]
[Result "0-1"]

1.e4 e6 2.d4 d5 3.Nc3 c5 4.dxc5 Bxc5 5.exd5 Nf6 
6.Bg5 O-O 7.dxe6 Bxe6 8.Qxd8 Rxd8 9.Bxf6 gxf6 
10.g3 Bd5 11.Nxd5 Rxd5 12.Bg2 Rd7 13.Rd1 Rxd1+ 
14.Kxd1 Nc6 15.f4 Rd8+ 16.Kc1 Be3+ 17.Kb1 
Rd1+ 0-1

[Event "HCL-C213"]
[Site "www.playchess.de"]
[Date "2001.03.30"]
[Round "20"]
[White "fossa"]
[Black "lienk"]
[WhiteElo "837"]
[BlackElo "1070"]
[PlyCount "49"]
[Result "1-0"]

1.e4 e5 2.d3 Nf6 {Hi, I'm from Indonesia, where 
are you from?}  3.f4 Bb4+ 4.c3 {From Venezuela}  
Ba5 {O yes, the land of Miss Universe.}  5.fxe5 
{Oil and beutiful women, yeah... I didn't know 
that is your country Flag}  Ng8 {I'm from 
Indonesia, Asia. A fellow oil producing country.}  
6.Nf3 f6 7.Bf4 Nc6 8.b4 Bb6 9.Be2 fxe5 10.Nxe5 Qf6 
11.Bg3 Nxe5 12.Rf1 Qc6 13.Bxe5 Qh6 14.Bh5+ g6 
15.Bxh8 Qe3+ 16.Be2 d6 17.a4 Bg4 18.h3 Qg3+ 19.Kd2 
Be3+ 20.Kc2 Qxg2 21.hxg4 O-O-O 22.Nd2 Qg3 23.Rf3 
Qxg4 24.Rxe3 Nh6 25.Bxg4+ 1-0

[Event "HCL-B224"]
[Site "www.playchess.de"]
[Date "2001.03.30"]
[Round "2"]
[White "Whatever"]
[Black "sonnygarcia"]
[WhiteElo "1473"]
[BlackElo "1124"]
[PlyCount "37"]
[Result "1-0"]

1.e4 e6 2.d4 {Have a good game.}  b6 3.c4 Bb7 
4.Bd3 Nf6 5.Qe2 Bb4+ 6.Bd2 Bxd2+ 7.Nxd2 O-O 8.Ngf3 
c5 9.O-O cxd4 10.Nxd4 d5 11.cxd5 exd5 12.e5 Nfd7 
13.e6 Re8 14.exf7+ Kxf7 15.Qh5+ g6 16.Qxh7+ Kf6 
17.Qxg6+ Ke7 18.Nf5+ Kf8 19.Qg7+ 1-0

[Event "HCL-B225"]
[Site "www.playchess.de"]
[Date "2001.03.30"]
[Round "7"]
[White "Birdmove"]
[Black "ggaarrii"]
[WhiteElo "1500"]
[BlackElo "1276"]
[PlyCount "42"]
[Result "1/2-1/2"]

1.e4 {hello, and good luck.}  c5 {Hello from Umag, 
Croatia! & bad luck :-)}  2.Nf3 Nc6 3.Bc4 a6 4.a3 
d6 5.h3 e6 6.c3 b5 7.Bb3 c4 8.Bc2 Nf6 9.O-O Be7 
10.d3 d5 11.e5 Nd7 12.d4 O-O 13.Bf4 f5 14.exf6 
Nxf6 15.Nbd2 Bd6 16.Bxd6 Qxd6 17.Qe2 Bd7 {Let's 
finish it!}  18.Rae1 a5 19.Ng5 Rfe8 20.Ngf3 b4 
21.axb4 axb4 1/2-1/2

[Event "HCL-B228"]
[Site "www.playchess.de"]
[Date "2001.03.30"]
[Round "2"]
[White "cmcmark"]
[Black "victor"]
[WhiteElo "1200"]
[BlackElo "1300"]
[PlyCount "20"]
[Result "0-1"]

1.e4 e6 2.d4 d5 3.Nd2 dxe4 4.Nxe4 Nd7 5.Nf3 Ngf6 
6.Bg5 Be7 7.Nxf6+ Nxf6 8.Bd3 O-O 9.O-O Nd5 10.Bxe7 
Qxe7 0-1

[Event "HCL-B229"]
[Site "www.playchess.de"]
[Date "2001.03.30"]
[Round "30"]
[White "German04"]
[Black "Lycanth"]
[WhiteElo "1198"]
[BlackElo "1200"]
[PlyCount "43"]
[Result "1-0"]

1.e4 Nf6 {Hello let s try an alekhine defense}  
2.e5 {Hallo, I´m not a good player, but I will try 
to broke your defense}  Nd5 {hello !}  3.d4 {How 
are you???}  Nc6 4.Nf3 d6 {fine and u ?}  5.Bc4 {I 
survive...}  Nb6 6.Bb3 dxe5 7.Be3 Bg4 8.h3 Bxf3 
9.Qxf3 f6 10.d5 Na5 11.O-O Nxb3 12.cxb3 Qxd5 
13.Qf5 e6 14.Qc2 Qc6 15.Nc3 O-O-O 16.Rad1 Bc5 
17.Bxc5 Qxc5 18.Rxd8+ Kxd8 19.Rd1+ Nd5 20.a3 Kc8 
21.Qd2 Nxc3 22.Qd7+ 1-0

[Event "HCL-B231"]
[Site "www.playchess.de"]
[Date "2001.03.30"]
[Round "10"]
[White "ambidia"]
[Black "Westqualmer"]
[WhiteElo "1500"]
[BlackElo "1912"]
[PlyCount "46"]
[Result "0-1"]

1.e4 e6 2.d4 d5 3.Nc3 Nf6 4.Bg5 Be7 5.e5 Nfd7 
6.Bxe7 Qxe7 7.f4 O-O 8.Bd3 c5 9.Nf3 f6 10.dxc5 
fxe5 11.fxe5 Nc6 12.Qe2 Nd4 13.Qe3 Nxf3+ 14.gxf3 
Qh4+ 15.Qf2 Nxe5 16.Be2 Qh3 17.O-O-O Nxf3 18.Rhf1 
Qh6+ 19.Rd2 Qxd2+ 20.Kb1 Qxc3 21.Ka1 Qxc2 22.Bxf3 
Qxf2 23.Rxf2 Bd7 0-1

[Event "HCL-C228"]
[Site "www.playchess.de"]
[Date "2001.03.30"]
[Round "16"]
[White "dijk"]
[Black "surak"]
[WhiteElo "1000"]
[BlackElo "1180"]
[PlyCount "48"]
[Result "0-1"]

1.e4 e6 2.d4 d5 3.e5 c5 4.c3 Bd7 5.Nf3 Qb6 6.Bd3 
Bb5 7.a4 Bxd3 8.Qxd3 Qa6 9.Qxa6 Nxa6 10.O-O Ne7 
11.Bg5 Nf5 12.Nbd2 Be7 13.Be3 cxd4 14.Bxd4 Nxd4 
15.Nxd4 O-O 16.Rfe1 Nc5 17.Rab1 Nxa4 18.Re2 Nb6 
19.b4 Na4 20.Rb3 Rac8 21.Nb1 f6 22.Nxe6 Rfe8 
23.Ra3 b5 24.Rd2 Bxb4 0-1

[Event "HCL-C236"]
[Site "www.playchess.de"]
[Date "2001.03.30"]
[Round "5"]
[White "TRIPLE_H"]
[Black "guigao"]
[WhiteElo "793"]
[BlackElo "1360"]
[PlyCount "26"]
[Result "0-1"]

1.e4 e5 2.Qf3 Nf6 3.Nh3 Nc6 4.Bc4 Nd4 5.Qc3 Nxe4 
6.Qd3 d5 7.Bb5+ c6 8.Ba4 Qh4 9.c3 Bxh3 10.gxh3 
Qxf2+ 11.Kd1 Qg2 12.Rf1 {let fast game}  Nc5 
13.Qg3 Qe2+ 0-1

[Event "HCL-C236"]
[Site "www.playchess.de"]
[Date "2001.03.30"]
[Round "14"]
[White "trebli"]
[Black "TRIPLE_H"]
[WhiteElo "1000"]
[BlackElo "793"]
[PlyCount "22"]
[Result "1/2-1/2"]

1.e4 c5 2.Nc3 d6 3.d3 Nc6 4.Be2 Nf6 5.Nf3 g6 6.O-O 
Bg7 7.h3 O-O 8.g4 e5 9.Nd5 Nxd5 10.Bg5 f6 11.exd5 
fxg5 1/2-1/2

[Event "HCL-A099"]
[Site "www.playchess.de"]
[Date "2001.03.30"]
[Round "6"]
[White "dlc"]
[Black "janus"]
[WhiteElo "1700"]
[BlackElo "1827"]
[PlyCount "26"]
[Result "0-1"]

1.e4 Nc6 {Good luck for you in our game !!}  2.Nf3 
e5 3.Bc4 Nf6 4.O-O Nxe4 5.Re1 d5 6.Bb5 Bc5 7.d4 
exd4 8.Nxd4 O-O 9.Bxc6 Nxf2 10.Qd2 Ne4 11.Qe3 Qh4 
12.Bxd5 Bxd4 13.Qxd4 Qxe1+ 0-1

[Event "HCL-B238"]
[Site "www.playchess.de"]
[Date "2001.03.30"]
[Round "7"]
[White "pirco"]
[Black "sonnygarcia"]
[WhiteElo "1500"]
[BlackElo "1103"]
[PlyCount "39"]
[Result "1-0"]

1.d4 {hi}  d5 2.c4 c6 3.Nf3 Nf6 4.Nc3 Bf5 5.cxd5 
cxd5 6.Bf4 e6 7.e3 Bd6 8.Qa4+ Nc6 9.Ba6 Qd7 
10.Bxb7 Qxb7 11.Bxd6 Nd7 12.Nb5 Rc8 13.Ba3 Kd8 
14.Nd6 Qb6 15.Nxf7+ Ke8 16.Nd6+ Kd8 17.Nxc8 Kxc8 
18.Rc1 Kb7 19.Rc3 Na5 20.Qxd7+ 1-0

[Event "HCL-B237"]
[Site "www.playchess.de"]
[Date "2001.03.30"]
[Round "15"]
[White "sboehnisch"]
[Black "yxw1"]
[WhiteElo "1200"]
[BlackElo "1200"]
[PlyCount "52"]
[Result "0-1"]

1.e4 e5 2.g4 Nc6 3.Nf3 d6 4.h3 Nf6 5.d3 d5 6.g5 
dxe4 7.Nxe5 Nxe5 8.Bg2 Nfd7 9.Bxe4 Nc5 10.Bf4 Nxe4 
11.dxe4 Qxd1+ 12.Kxd1 Bd6 13.h4 Bg4+ 14.Kc1 O-O-O 
15.Nc3 h6 16.Nd5 Ng6 17.Bg3 Bf3 18.Re1 Bxg3 
19.fxg3 hxg5 20.hxg5 Bxe4 21.Rxe4 Rh1+ 22.Kd2 
Rxd5+ 23.Kc3 Rxa1 24.Kc4 Rxg5 25.g4 Rxg4 26.Rxg4 
Ne5+ 0-1

[Event "HCL-B234"]
[Site "www.playchess.de"]
[Date "2001.03.30"]
[Round "4"]
[White "mladsir"]
[Black "rafita"]
[WhiteElo "1048"]
[BlackElo "1418"]
[PlyCount "51"]
[Result "1-0"]

1.e4 Nf6 {I hope I can get revenge! :)}  2.e5 
{good luck!}  Nd5 {thanks, good luck to you too}  
3.d4 d6 4.Nf3 Bg4 5.Be2 e6 6.O-O Be7 7.c4 Nb6 
8.Nc3 Nc6 9.exd6 cxd6 10.d5 exd5 11.cxd5 Bxf3 
12.Bxf3 Ne5 13.Re1 O-O 14.Be4 Bf6 15.f4 Ng6 
16.Bxg6 hxg6 17.Ne4 Re8 18.Rb1 Nc4 19.b3 Qb6+ 
20.Kh1 Bd4 21.bxc4 Qxb1 22.Qxd4 Qxa2 23.Bb2 f6 
24.Ra1 Qb3 25.Nxf6+ gxf6 26.Qxf6 1-0

[Event "HCL-B233"]
[Site "www.playchess.de"]
[Date "2001.03.30"]
[Round "5"]
[White "Emilson"]
[Black "Hamburger"]
[WhiteElo "1500"]
[BlackElo "1491"]
[PlyCount "34"]
[Result "0-1"]

1.e4 c5 2.d3 Nc6 3.g3 g6 4.Bg2 Bg7 5.Nf3 d6 6.Nbd2 
b5 7.a3 a5 8.O-O Bb7 9.Re1 b4 10.a4 e6 11.Nf1 Nge7 
12.Rb1 Nc8 13.b3 O-O 14.Ne3 Nb6 15.Bb2 Bxb2 
16.Rxb2 Qf6 17.Qe2 Qxb2 0-1

[Event "HCL-C247"]
[Site "www.playchess.de"]
[Date "2001.03.30"]
[Round "2"]
[White "Shyloc"]
[Black "Claire"]
[WhiteElo "1000"]
[BlackElo "755"]
[PlyCount "40"]
[Result "0-1"]

1.e4 {Hi, have a nice game}  e5 {Hi, nice game to 
you too.}  2.Nc3 Nf6 3.a3 Nc6 4.Bb5 Bc5 5.h3 O-O 
6.Nf3 d6 7.d3 Nd4 8.Bg5 Nxb5 9.Nxb5 Bd7 10.Nc3 h6 
11.Bh4 g5 12.Bg3 Nh5 13.Bh2 Nf4 14.O-O Bxh3 
15.Bxf4 gxf4 16.gxh3 Qf6 17.h4 Qg6+ 18.Kh1 Kh8 
19.Nd5 Rfg8 20.Ne7 Qg2+ 0-1

[Event "HCL-B233"]
[Site "www.playchess.de"]
[Date "2001.03.30"]
[Round "16"]
[White "bundori"]
[Black "sonnygarcia"]
[WhiteElo "1501"]
[BlackElo "1117"]
[PlyCount "25"]
[Result "1-0"]

1.c4 c6 2.g3 Nf6 3.Bg2 d5 4.Nf3 Bg4 5.Ne5 e6 
6.Nxg4 Nxg4 7.cxd5 exd5 8.e4 Qf6 9.Qxg4 Bc5 10.O-O 
Na6 11.exd5 O-O 12.dxc6 bxc6 13.Qc4 1-0

[Event "HCL-B248"]
[Site "www.playchess.de"]
[Date "2001.03.30"]
[Round "1"]
[White "Foo_Lee"]
[Black "Harley"]
[WhiteElo "744"]
[BlackElo "1200"]
[PlyCount "57"]
[Result "1-0"]

1.e4 Nc6 2.d4 e6 3.Nf3 Bb4+ 4.c3 Bd6 5.Bb5 g5 
6.Bxg5 f6 7.Bxf6 Nxf6 8.e5 Ne4 9.exd6 Nxd6 10.d5 
Nxb5 11.Qe2 a6 12.dxc6 bxc6 13.c4 Nd6 14.Ne5 Rf8 
15.Qh5+ Nf7 16.Nc3 Qf6 17.Ng4 Qd4 18.Ne3 Bb7 
19.Qxh7 c5 20.Rd1 Qf6 21.O-O Rh8 22.Qd3 Ng5 
23.Qxd7+ Kf8 24.Qxc7 Nf3+ 25.gxf3 Bxf3 26.Qg3 Rg8 
27.Rd3 Rxg3+ 28.fxg3 Ke7 29.Ned5+ 1-0

[Event "HCL-A107"]
[Site "www.playchess.de"]
[Date "2001.03.30"]
[Round "15"]
[White "Westqualmer"]
[Black "jmcerna"]
[WhiteElo "1951"]
[BlackElo "1550"]
[PlyCount "45"]
[Result "1-0"]

1.e4 c5 2.Nf3 Nc6 3.d4 cxd4 4.Nxd4 Nf6 5.Nc3 e5 
6.Ndb5 d6 7.Bg5 a6 8.Na3 b5 9.Nd5 Be7 10.Nxe7 Nxe7 
11.Bd3 Bb7 12.Qe2 O-O 13.O-O h6 14.Bxf6 gxf6 15.c4 
b4 16.Nc2 a5 17.Ne3 Kh7 18.Qh5 Bc8 19.Be2 Ng6 
20.g3 Rg8 21.Bg4 Qf8 22.Bxc8 Rxc8 
23.Qf5 1-0

[Event "HCL-C248"]
[Site "www.playchess.de"]
[Date "2001.03.30"]
[Round "8"]
[White "nikolayk"]
[Black "yaroslav"]
[WhiteElo "1176"]
[BlackElo "1037"]
[PlyCount "21"]
[Result "1-0"]

1.e4 e5 2.Nf3 d5 3.Nxe5 dxe4 4.Nc3 f6 5.Qh5+ Ke7 
6.Qf7+ Kd6 7.Nb5+ Kxe5 8.d4+ Kf5 9.g4+ Kxg4 
10.Rg1+ Kf5 11.Bh3+ 1-0

[Event "HCL-B256"]
[Site "www.playchess.de"]
[Date "2001.03.30"]
[Round "7"]
[White "Talc5"]
[Black "rockmountain"]
[WhiteElo "1200"]
[BlackElo "812"]
[PlyCount "59"]
[Result "1-0"]

1.e4 e5 2.f4 Nc6 3.Nf3 Bd6 4.d4 exd4 5.Bc4 Nf6 
6.e5 Bb4+ 7.c3 Ne4 8.cxb4 Nxb4 9.Nbd2 d3 10.Bb3 
Nc2+ 11.Bxc2 dxc2 12.Qxc2 Nxd2 13.Bxd2 O-O 14.O-O 
b6 15.Bc3 Bb7 16.Rad1 d6 17.exd6 cxd6 18.Bb4 a5 
19.Bxd6 Re8 20.Bc7 Qe7 21.Bxb6 Ba6 22.Rfe1 h5 
23.Rxe7 Rxe7 24.Rd8+ Re8 25.Rxa8 Rxa8 26.Ne5 Rc8 
27.Qb3 Rc1+ 28.Kf2 Rf1+ 29.Kg3 Bb7 
30.Qxf7+ 1-0

[Event "ACL-A135"]
[Site "www.playchess.de"]
[Date "2001.03.30"]
[Round "10"]
[White "lebesgue"]
[Black "Talc5"]
[WhiteElo "1500"]
[BlackElo "1500"]
[PlyCount "53"]
[Result "1-0"]

1.d4 {hi and good luck}  d5 2.Nf3 c5 3.c3 Bg4 
4.dxc5 e6 5.b4 Nf6 6.Bg5 Be7 7.Ne5 Bf5 8.e3 O-O 
9.Bd3 Ne4 10.Bxe7 Qxe7 11.O-O Nd7 12.Nxd7 Qxd7 
13.f3 Nf6 14.Bxf5 exf5 15.Nd2 Rfe8 16.Re1 a5 
17.Nb3 a4 18.Nd4 Reb8 19.Qd3 b6 20.cxb6 Rxb6 
21.Qxf5 Rc8 22.Qxd7 Nxd7 23.Rac1 Rxc3 24.Rxc3 f5 
25.Nxf5 Rxb4 26.Ne7+ Kf7 27.Nxd5 1-0

[Event "HCL-B250"]
[Site "www.playchess.de"]
[Date "2001.03.30"]
[Round "12"]
[White "pfff5"]
[Black "lonewolf"]
[WhiteElo "1237"]
[BlackElo "1428"]
[PlyCount "52"]
[Result "0-1"]

1.e4 {good luck}  d6 {Thanks,same to you}  2.h3 e5 
3.Nf3 f5 4.exf5 Bxf5 5.Bc4 d5 6.Bb3 Nc6 7.d3 Bc5 
8.Bg5 Qd6 9.Nc3 h6 10.Bh4 Nge7 11.Nb5 Qd7 12.O-O 
O-O 13.Nc3 Be6 14.Ba4 Nf5 15.Nxe5 Qd6 16.Nf3 Nxh4 
17.Nxh4 Nd4 18.Nb5 Nxb5 19.Bxb5 Qb6 20.Ba4 Bxf2+ 
21.Kh1 Bxh4 22.Qh5 Bg5 23.h4 Bf6 24.g4 Qe3 25.Kg2 
Bd4 26.g5 Qh3+ 0-1

[Event "HCL-C253"]
[Site "www.playchess.de"]
[Date "2001.03.30"]
[Round "1"]
[White "suez"]
[Black "morphy"]
[WhiteElo "1404"]
[BlackElo "1199"]
[PlyCount "75"]
[Result "1-0"]

1.Nf3 {We meet once again...}  c5 {Yes, and I have 
black again.}  2.g3 {Yeah, I noticed, sorry.}  Nc6 
{I hope yhe others get here soon.}  3.Bg2 {me 
too!!!  I sent multiple e-mails......}  g6 {You 
have done all that you can then.}  4.O-O Bg7 5.d3 
Nf6 {Shaping up to be another interesting battle.} 
 6.e4 {Really, I got lucky in our last encounter.} 
 d6 7.Nc3 {Bearded Dragon made it but JROD didn't  
;-(}  Bg4 {It is heating up now, baby!!}  8.h3 {It 
sure is!}  Bxf3 9.Bxf3 Rb8 10.Be3 O-O {Your game 
with flyboy sure lasted a long time lol}  11.Qd2 
Rc8 {Really ;-)}  12.Bg2 Nd4 13.f4 e5 14.f5 Kh8 
15.fxg6 fxg6 16.Rf2 Qe7 17.Raf1 Ng8 {This doesn't 
look good.}  18.Nd5 Qe8 19.R2xf8 Bxf8 20.Nf6 Nxf6 
21.Rxf6 Be7 22.Bg5 Bxf6 23.Bxf6+ Kg8 24.Qh6 Ne6 
25.h4 Qf7 26.Bg5 Rf8 27.Kh2 Qf2 28.Be7 Re8 29.Bxd6 
Nd4 30.Bxe5 Nf3+ 31.Kh3 Rxe5 32.Qf4 Qg1 33.Bxf3 
Qd4 34.Bg4 Qxb2 35.Qh6 Qxc2 36.Qf4 Re7 37.Qb8+ Re8 
38.Qxe8+ 1-0

[Event "HCL-B226"]
[Site "www.playchess.de"]
[Date "2001.03.30"]
[Round "11"]
[White "Translightor"]
[Black "gingy"]
[WhiteElo "1488"]
[BlackElo "1200"]
[PlyCount "62"]
[Result "0-1"]

1.e4 {Welcome & Good luck!}  e6 {hi from uk!}  
2.d4 d5 3.Nd2 b6 4.e5 c5 5.c3 Nc6 6.Ngf3 Nge7 
7.Bd3 cxd4 8.cxd4 Nb4 9.Bb1 Ba6 10.Nb3 Rc8 11.a3 
Nbc6 12.Bd3 Bxd3 13.Qxd3 Nf5 14.O-O Be7 15.Bd2 O-O 
16.Rac1 f6 17.Rc2 fxe5 18.Nxe5 Nxe5 19.dxe5 Rxc2 
20.Qxc2 Qb8 21.f4 Rc8 22.Qd3 Rc4 23.Rc1 b5 24.Na5 
Rxc1+ 25.Bxc1 Qb6+ 26.Kf1 Qxa5 27.g4 Nh6 28.f5 
Nxg4 29.fxe6 Qb6 30.Qe2 Qd4 31.Qf3 
Nxh2+ 0-1

[Event "HCL-C255"]
[Site "www.playchess.de"]
[Date "2001.03.30"]
[Round "25"]
[White "TRUBLU"]
[Black "MEATHEAD"]
[WhiteElo "1000"]
[BlackElo "1083"]
[PlyCount "135"]
[Result "1-0"]

1.Nf3 d5 2.g3 f6 3.Bg2 e5 4.d3 c6 5.O-O Ne7 6.Nbd2 
Nf5 7.e4 dxe4 8.dxe4 Nd6 9.Re1 Be6 10.b3 Nb5 
11.Bb2 Bb4 12.a3 Bc5 13.b4 Bb6 {aight dawg, i'm 
out, continue tomorrow}  14.a4 Nd6 15.a5 Bc7 
16.Nb3 b6 17.Bf1 h6 18.Nh4 h5 19.Ng6 Rh6 20.Be2 
Bf7 21.Nh4 g5 22.Nf5 Nxf5 23.Qxd8+ Bxd8 24.exf5 h4 
25.g4 a6 26.h3 b5 27.Nc5 Be7 28.c3 {Good moves,got 
errands,catch you tomorrow}  Bxc5 29.bxc5 Kf8 
30.Rad1 Bd5 31.Bd3 Bf3 32.Rd2 Nd7 33.Ba3 Rh7 
34.Re3 Bd5 35.Be4 Bxe4 36.Rxe4 Rd8 37.Rd6 Rc8 
38.Re3 Rc7 39.Red3 Rf7 40.f3 Kg7 41.Re6 Kh7 
42.Rdd6 Kg7 43.Rdxc6 Rxc6 44.Rxc6 Re7 45.Rxa6 Nb8 
46.Rb6 Re8 47.Rxb5 Rc8 48.Rb7+ {Got to work,back 
@11:30pm,e.s.t.}  Kg8 49.Ra7 Nc6 50.Ra6 Ne7 
51.Rxf6 Nd5 52.Rg6+ Kf7 53.c4 Nf4 54.Rb6 Nxh3+ 
55.Kh2 Nf4 56.a6 Rd8 57.Bc1 Ra8 58.Rb7+ Ke8 59.a7 
Kd8 60.Rb8+ Kc7 61.Rxa8 Kb7 62.Bxf4 Kxa8 63.Bxe5 
Kxa7 64.f6 Ka6 65.f7 Ka5 66.f8Q {%}  Kb4 67.c6+ 
Kxc4 68.c7 1-0

[Event "HCL-B255"]
[Site "www.playchess.de"]
[Date "2001.03.30"]
[Round "7"]
[White "orange"]
[Black "sundfar"]
[WhiteElo "1119"]
[BlackElo "1475"]
[PlyCount "28"]
[Result "0-1"]

1.e4 {we meet again. another sticky game maybe?}  
e5 {surprise! We are very close in level, and I 
hope this will be a new exciting game.}  2.Nf3 {it 
is surprising how different games can be.}  Nc6 
3.Bb5 a6 4.Bc4 g6 5.Ng5 Qxg5 6.O-O {there i go not 
looking again}  d6 7.c3 Bh3 8.Qf3 Qg4 9.Qxf7+ 
{very volotile positions most unlike our other 
game.}  Kd8 {i didn't observe that possibility}  
10.Qxf8+ {thats the trouble with queens}  Kd7 
11.Qf5+ {it is an even mess. do you like a draw?}  
gxf5 {No, I never go for a draw. The only way to 
learn the chess is to play the games to the end.}  
12.g3 {will you look at that what a fucking 
mistake. oh well.}  Qf3 13.Be6+ {CHECK!! for the 
last time.}  Kxe6 {that's fair}  14.d3 {yes you 
really want to attack that pawn d3 with your 
queen. see ya in the other game.}  
Qg2+ 0-1

[Event "HCL-B260"]
[Site "www.playchess.de"]
[Date "2001.03.30"]
[Round "6"]
[White "PDelaquess"]
[Black "O_Man"]
[WhiteElo "1372"]
[BlackElo "1180"]
[PlyCount "79"]
[Result "1-0"]

1.e4 {Hello, and good luck!}  e5 {Greetings from 
Memphis, home of Elvis}  2.f4 Nc6 3.Nf3 d6 4.fxe5 
Bg4 5.Bb5 dxe5 6.O-O Bxf3 7.Qxf3 Bc5+ 8.Kh1 f6 
9.d3 Qd6 10.Nc3 O-O-O 11.Qg4+ Kb8 12.Qxg7 Nge7 
13.Qxf6 Rhf8 14.Qxf8 Rxf8 15.Rxf8+ Nc8 16.Rxc8+ 
Kxc8 17.Bxc6 {Correspondence Blitz :-)}  Qxc6 
{here we go!}  18.Nd5 Qe6 19.Bd2 c6 20.Ne3 Bxe3 
21.Bxe3 a6 22.Bb6 Qg4 23.Rf1 Qe2 24.Kg1 {So, dg 
nailed you too, eh? I lost my queen to an 
elementary tactic. :-(}  Qxc2 {I had beaten him 
earlier, and did not pay attention, made 3 stupid 
moves}  25.Rf8+ Kd7 26.Rf7+ Ke6 27.Rxh7 Qxd3 
28.Rxb7 Qxe4 29.Ba5 {Hey, save a stupid move for 
me! :-)}  Qb1+ {If you can wait long enough, I 
will}  30.Kf2 Qxa2 31.Bc3 Qc4 32.Rb4 Qc5+ 33.Kf3 
a5 {cute dog}  34.Re4 {Her name is Peanut.}  Kf5 
35.Rxe5+ Qxe5 36.Bxe5 Kxe5 37.Ke3 c5 38.Kd3 a4 
39.Kc4 Kd6 40.h3 1-0

[Event "HCL-B260"]
[Site "www.playchess.de"]
[Date "2001.03.30"]
[Round "9"]
[White "Jags2001"]
[Black "PDelaquess"]
[WhiteElo "1200"]
[BlackElo "1372"]
[PlyCount "47"]
[Result "1-0"]

1.e4 {hi}  e5 {Hello, and good luck!}  2.Nf3 Nc6 
3.Bc4 {u 2}  Bc5 4.a3 Nf6 5.d3 O-O 6.Bg5 d6 7.Nc3 
Be6 8.Nd5 Bxd5 9.Bxd5 Bxf2+ 10.Kxf2 Ng4+ 11.Ke2 
Nd4+ 12.Kf1 Qxg5 13.Nxg5 Ne3+ 14.Ke1 Nxd1 15.Kxd1 
c6 16.Ba2 Rad8 17.c3 Nb5 18.Kc2 h6 19.Nf3 Nc7 
20.Rhf1 Kh8 21.Nh4 d5 22.Rad1 dxe4 23.dxe4 Ne6 
24.Bxe6 1-0

[Event "HCL-B263"]
[Site "www.playchess.de"]
[Date "2001.03.30"]
[Round "3"]
[White "CJL"]
[Black "Bastian1"]
[WhiteElo "1551"]
[BlackElo "1500"]
[PlyCount "21"]
[Result "1-0"]

1.e4 e5 2.Nf3 Nc6 3.Bb5 d5 4.Nxe5 dxe4 5.Nxc6 Bd7 
6.Nxd8 Rxd8 7.Bxd7+ Rxd7 8.Nc3 Bb4 9.Nxe4 Re7 
10.Qg4 Nf6 11.Qc8+ 1-0